[Event "Buenos Aires-ch qual"]
[Site "Buenos Aires"]
[Date "2006.03.29"]
[Round "9.32"]
[White "Romero, Leandro"]
[Black "Fiori, Hector Dionisio"]
[Result "1/2-1/2"]
[WhiteElo "2115"]
[BlackElo "2180"]
[PlyCount "93"]
[EventDate "2006.03.21"]
[EventType "swiss"]
[EventRounds "9"]
[EventCountry "ARG"]
[SourceTitle "CBM 111 Extra"]
[Source "ChessBase"]
[SourceDate "2006.05.09"]
[SourceVersion "1"]
[SourceVersionDate "2006.05.09"]
[SourceQuality "1"]

1. e4 d5 2. exd5 Nf6 3. d4 Bg4 4. f3 Bf5 5. Bb5+ Nbd7 6. c4 e6 7. dxe6 Bxe6 8. d5 Bf5 9. Nc3 Bb4 10. Nge2 0-0 11. Bxd7 Nxd7 12. 0-0 Bc5+ 13. Kh1 Qh4 14. Bf4 Rfe8 15. g4 Bg6 16. Nb5 Ne5 17. b4 Nxf3 18. Nec3 Nxh2 19. Bxh2 Bxb4 20. a3 Bc5 21. Ra2 Re3 22. Re2 Rae8 23. Rfe1 Qh3 24. Rxe3 Rxe3 25. Rxe3 Qxe3 26. Kg2 a6 27. d6 cxd6 28. Bxd6 Qf2+ 29. Kh3 axb5 30. Bxc5 Qxc5 31. Qd8+ Qf8 32. Qxf8+ Kxf8 33. Nxb5 Ke7 34. c5 Be4 35. Kg3 Ke6 36. Kf4 Bc6 37. Nc3 f6 38. Ke3 Ke5 39. Ne2 Kd5 40. Nf4+ Kxc5 41. Ne6+ Kc4 42. Nxg7 Bd7 43. Kf4 Kb3 44. Nh5 Be8 45. Nxf6 Bg6 46. Ne4 Kxa3 47. Nd6 1/2-1/2

[Event "Buenos Aires-ch qual"]
[Site "Buenos Aires"]
[Date "2006.03.22"]
[Round "2.27"]
[White "Romero, Leandro"]
[Black "Triunfetti, Claudio"]
[Result "1-0"]
[WhiteElo "2115"]
[BlackElo "2230"]
[PlyCount "79"]
[EventDate "2006.03.21"]
[EventType "swiss"]
[EventRounds "9"]
[EventCountry "ARG"]
[SourceTitle "CBM 111 Extra"]
[Source "ChessBase"]
[SourceDate "2006.05.09"]
[SourceVersion "1"]
[SourceVersionDate "2006.05.09"]
[SourceQuality "1"]

1. e4 c5 2. Nf3 e6 3. d4 cxd4 4. Nxd4 a6 5. Bd3 Qc7 6. 0-0 Nc6 7. Nb3 Nf6 8. Nc3 Be7 9. f4 d6 10. a4 b6 11. Qf3 Bb7 12. Qg3 0-0 13. f5 Kh8 14. Be3 Ne5 15. Nd4 Bc8 16. Kh1 Bd7 17. Rae1 Nxd3 18. cxd3 e5 19. Nf3 b5 20. Rc1 Qb7 21. Bg5 Bc6 22. axb5 axb5 23. Qh3 b4 24. Ne2 Bb5 25. Nd2 Rfc8 26. Bxf6 Bxf6 27. Qe3 h6 28. Nf3 Qa6 29. Rfd1 Rxc1 30. Nxc1 Qc6 31. g4 Qc2 32. Rg1 Be7 33. Rg2 Qd1+ 34. Rg1 Qc2 35. g5 hxg5 36. Nxg5 Kg8 37. Qg3 Kf8 38. Nh7+ Ke8 39. f6 gxf6 40. Qg8+ 1-0

[Event "Buenos Aires Najdorf U14/16"]
[Site "Buenos Aires"]
[Date "2004.10.08"]
[Round "6"]
[White "Carrera, Martin"]
[Black "Romero, Leandro"]
[Result "0-1"]
[WhiteElo "1998"]
[BlackElo "2096"]
[PlyCount "62"]
[EventDate "2004.09.07"]
[EventType "swiss"]
[EventRounds "7"]
[EventCountry "ARG"]
[SourceTitle "EXT 2005"]
[Source "ChessBase"]
[SourceDate "2004.11.15"]
[SourceVersion "1"]
[SourceVersionDate "2004.11.15"]
[SourceQuality "1"]

1. d4 Nf6 2. Nf3 g6 3. g3 Bg7 4. Bg2 0-0 5. 0-0 d5 6. c4 c6 7. b3 Ne4 8. Bb2 b6 9. Nbd2 f5 10. Ne5 Bxe5 11. dxe5 Nxd2 12. Qxd2 dxc4 13. Qh6 Be6 14. bxc4 Qc7 15. e4 Rf7 16. exf5 Bxf5 17. Rfe1 Qc8 18. Rad1 Na6 19. Be4 Nc5 20. Bxf5 Qxf5 21. f4 Qc2 22. Ba1 e6 23. f5 Rxf5 24. Rd2 Qxc4 25. Red1 Raf8 26. Rd8 Qe2 27. Qh3 Qe3+ 28. Kh1 Qf3+ 29. Kg1 Rxd8 30. Rxd8+ Rf8 31. Rxf8+ Qxf8 0-1

[Event "American Continental 02nd"]
[Site "Buenos Aires"]
[Date "2003.08.28"]
[Round "10"]
[White "Iregui, Victor"]
[Black "Romero, Leandro"]
[Result "1/2-1/2"]
[WhiteElo "2151"]
[BlackElo "2096"]
[PlyCount "71"]
[EventDate "2003.08.17"]
[EventType "swiss"]
[EventRounds "11"]
[EventCountry "ARG"]
[SourceTitle "CBM 097"]
[Source "ChessBase"]
[SourceDate "2003.11.11"]
[SourceVersion "1"]
[SourceVersionDate "2003.11.11"]
[SourceQuality "1"]

1. f4 d5 2. Nf3 c5 3. g3 Nc6 4. Bg2 g6 5. 0-0 Bg7 6. d3 Bg4 7. Nc3 e6 8. h3 Bxf3 9. Bxf3 Nge7 10. e4 Nd4 11. Bg2 b5 12. exd5 exd5 13. Re1 0-0 14. Ne2 Ndc6 15. g4 Re8 16. Ng3 Qc7 17. c3 b4 18. Bd2 Rab8 19. Qf3 bxc3 20. bxc3 Rb2 21. Re2 Rxd2 22. Rxd2 Bxc3 23. Rad1 Nd4 24. Qf1 Bxd2 25. Rxd2 Qd7 26. f5 Qd6 27. fxg6 hxg6 28. Ne2 Nec6 29. Nf4 Re5 30. Rf2 Qd7 31. Nxg6 Rg5 32. Nf4 Nd8 33. Nh5 Qe6 34. Nf4 Qd6 35. Nh5 Qe6 36. Nf4 1/2-1/2

[Event "American Continental 02nd"]
[Site "Buenos Aires"]
[Date "2003.08.27"]
[Round "9"]
[White "Romero, Leandro"]
[Black "Bibiloni, Jorge Jaime"]
[Result "0-1"]
[WhiteElo "2096"]
[BlackElo "2203"]
[PlyCount "60"]
[EventDate "2003.08.17"]
[EventType "swiss"]
[EventRounds "11"]
[EventCountry "ARG"]
[SourceTitle "CBM 097"]
[Source "ChessBase"]
[SourceDate "2003.11.11"]
[SourceVersion "1"]
[SourceVersionDate "2003.11.11"]
[SourceQuality "1"]

1. e4 d5 2. exd5 Qxd5 3. Nc3 Qd8 4. d4 g6 5. Bc4 Nh6 6. Nf3 Nf5 7. Ne5 e6 8. d5 Bg7 9. Bf4 0-0 10. dxe6 Bxe6 11. Bxe6 fxe6 12. Qxd8 Rxd8 13. Nd3 Na6 14. 0-0-0 e5 15. Bg5 Rd4 16. Be3 Rc4 17. Nb1 e4 18. Nf4 Nb4 19. c3 g5 20. Nd5 Nd3+ 21. Rxd3 exd3 22. Nd2 Ra4 23. Nxc7 Rc8 24. Ne6 Nxe3 25. fxe3 Bxc3 26. bxc3 Rxc3+ 27. Kb1 Rc2 28. Rf1 h5 29. Rf8+ Kh7 30. Nxg5+ Kh6 0-1

[Event "American Continental 02nd"]
[Site "Buenos Aires"]
[Date "2003.08.26"]
[Round "8"]
[White "Santos Neto, Francisco Jose"]
[Black "Romero, Leandro"]
[Result "1-0"]
[WhiteElo "2193"]
[BlackElo "2096"]
[PlyCount "45"]
[EventDate "2003.08.17"]
[EventType "swiss"]
[EventRounds "11"]
[EventCountry "ARG"]
[SourceTitle "CBM 097"]
[Source "ChessBase"]
[SourceDate "2003.11.11"]
[SourceVersion "1"]
[SourceVersionDate "2003.11.11"]
[SourceQuality "1"]

1. e4 e5 2. Nc3 Nf6 3. g3 Bc5 4. Bg2 d6 5. h3 Nc6 6. d3 Be6 7. Bg5 Qd7 8. Qd2 h6 9. Be3 Bxe3 10. fxe3 0-0-0 11. Nd5 Ne7 12. c4 c6 13. Rc1 cxd5 14. cxd5+ Kb8 15. dxe6 Qxe6 16. Ne2 Qxa2 17. 0-0 Qb3 18. Rc3 Qb6 19. Ra1 Nc6 20. b4 a6 21. b5 axb5 22. Qa2 Qxe3+ 23. Kf1 1-0

[Event "American Continental 02nd"]
[Site "Buenos Aires"]
[Date "2003.08.18"]
[Round "2"]
[White "Luconi, Cristian"]
[Black "Romero, Leandro"]
[Result "1-0"]
[WhiteElo "2115"]
[BlackElo "2096"]
[PlyCount "43"]
[EventDate "2003.08.17"]
[EventType "swiss"]
[EventRounds "11"]
[EventCountry "ARG"]
[SourceTitle "CBM 097"]
[Source "ChessBase"]
[SourceDate "2003.11.11"]
[SourceVersion "1"]
[SourceVersionDate "2003.11.11"]
[SourceQuality "1"]

1. d4 Nf6 2. Nf3 d5 3. Bf4 e6 4. Nbd2 c5 5. e3 Nc6 6. c3 Bd6 7. Bg3 0-0 8. Bd3 Re8 9. Ne5 cxd4 10. exd4 Bxe5 11. dxe5 Nd7 12. Qe2 Nc5 13. Bb1 d4 14. 0-0 f6 15. exf6 g6 16. Bh4 Qc7 17. Nf3 dxc3 18. bxc3 e5 19. Ng5 Be6 20. Qe3 Nd7 21. Nxh7 Kxh7 22. Bxg6+ 1-0

[Event "CFriend AC-2003-Q-00003 email"]
[Site "Chessfriend.com"]
[Date "2003.07.01"]
[Round "?"]
[White "Romero, Leandro"]
[Black "Puth, Dieter"]
[Result "0-1"]
[WhiteElo "2065"]
[BlackElo "2203"]
[PlyCount "20"]
[EventDate "2003.07.01"]
[EventType "tourn (corr)"]
[EventRounds "10"]
[SourceTitle "Corr 2008"]
[Source "ChessBase"]
[SourceDate "2008.06.24"]
[SourceVersion "1"]
[SourceVersionDate "2008.06.24"]
[SourceQuality "1"]

1. e4 e5 2. Nf3 Nc6 3. d4 exd4 4. Nxd4 Nf6 5. Nxc6 bxc6 6. e5 Qe7 7. Qe2 Nd5 8. c4 Nb6 9. b3 g6 10. f4 Bg7 0-1

[Event "Torre Blanca Copa de Campeones"]
[Site "Buenos Aires"]
[Date "2002.11.21"]
[Round "6.2"]
[White "Romero, Leandro"]
[Black "Flamhum, Hernan"]
[Result "1-0"]
[WhiteElo "2088"]
[BlackElo "2140"]
[PlyCount "57"]
[EventDate "2002.11.04"]
[EventType "swiss"]
[EventRounds "7"]
[EventCountry "ARG"]
[SourceTitle "CBM 091 Extra"]
[Source "ChessBase"]
[SourceDate "2003.01.09"]
[SourceVersion "1"]
[SourceVersionDate "2003.01.09"]
[SourceQuality "1"]

1. e4 e6 2. d4 d5 3. Nc3 Nf6 4. Bg5 Be7 5. e5 Nfd7 6. Bxe7 Qxe7 7. f4 0-0 8. Nf3 c5 9. Qd2 Nc6 10. 0-0-0 a6 11. dxc5 Nxc5 12. Bd3 f6 13. exf6 Qxf6 14. g3 Bd7 15. Rde1 Be8 16. Ne5 Rc8 17. Rhf1 Nb4 18. Kb1 Nbxd3 19. cxd3 b5 20. Ne2 Bg6 21. b4 Na4 22. Rc1 Rc4 23. Ka1 Rxc1+ 24. Rxc1 a5 25. bxa5 Rb8 26. Qc2 Qd8 27. Nd4 Ra8 28. Qc6 Qxa5 29. Qxe6+ 1-0

[Event "IECG CA.2002.0.00056 email"]
[Site "IECG email"]
[Date "2002.10.09"]
[Round "?"]
[White "Oestergaard, Allan"]
[Black "Romero, Leandro"]
[Result "1-0"]
[WhiteElo "2135"]
[BlackElo "2085"]
[PlyCount "79"]
[EventDate "2002.06.19"]
[EventType "tourn (corr)"]
[EventRounds "6"]
[SourceTitle "Corr 2008"]
[Source "ChessBase"]
[SourceDate "2008.06.24"]
[SourceVersion "1"]
[SourceVersionDate "2008.06.24"]
[SourceQuality "1"]

1. e4 c6 2. d4 d5 3. Nc3 dxe4 4. Nxe4 Bf5 5. Ng3 Bg6 6. Bc4 e6 7. N1e2 Bd6 8. h4 h6 9. Nf4 Ne7 10. Nxg6 Nxg6 11. Ne4 Nxh4 12. Bxe6 Nxg2+ 13. Kf1 fxe6 14. Qg4 Qd7 15. Nxd6+ Qxd6 16. Qxg7 Rf8 17. Bxh6 Nd7 18. Qxg2 Rf5 19. Qg6+ Kd8 20. Rh4 Qe7 21. Re4 Rf6 22. Qg8+ Qe8 23. Qxe8+ Kxe8 24. Rh4 Kf7 25. Bf4 Rf8 26. Bd6 Rg8 27. Ke2 Rf5 28. f4 Rg7 29. b4 a6 30. Rah1 b6 31. c3 Rd5 32. Be5 Nxe5 33. fxe5 c5 34. a4 cxd4 35. cxd4 Ke7 36. Rh7 Kf8 37. Rxg7 Kxg7 38. Kd3 b5 39. a5 Rd7 40. Rc1 1-0

[Event "ARG-ch U16"]
[Site "Esperanza"]
[Date "2002.08.16"]
[Round "5"]
[White "Ianovsky, Matias Manuel"]
[Black "Romero, Leandro"]
[Result "1/2-1/2"]
[WhiteElo "2128"]
[BlackElo "2088"]
[PlyCount "37"]
[EventDate "2002.08.14"]
[EventType "swiss"]
[EventRounds "6"]
[EventCountry "ARG"]
[SourceTitle "EXT 2003"]
[Source "ChessBase"]
[SourceDate "2002.11.25"]
[SourceVersion "1"]
[SourceVersionDate "2002.11.25"]
[SourceQuality "1"]

1. e4 e5 2. Nf3 Nc6 3. Bb5 a6 4. Ba4 Nf6 5. 0-0 Nxe4 6. d4 b5 7. Bb3 d5 8. dxe5 Be6 9. c3 Bc5 10. Qe2 0-0 11. Be3 f6 12. Nbd2 Nxd2 13. Qxd2 Bxe3 14. Qxe3 Nxe5 15. Nxe5 fxe5 16. Qxe5 Qd7 17. Rfe1 Rae8 18. Rad1 c6 19. Qd4 1/2-1/2

[Event "ARG-ch U16"]
[Site "Esperanza"]
[Date "2002.08.14"]
[Round "1"]
[White "Obregon, Carlos Andres"]
[Black "Romero, Leandro"]
[Result "1-0"]
[WhiteElo "2216"]
[BlackElo "2088"]
[PlyCount "45"]
[EventDate "2002.08.14"]
[EventType "swiss"]
[EventRounds "6"]
[EventCountry "ARG"]
[SourceTitle "EXT 2003"]
[Source "ChessBase"]
[SourceDate "2002.11.25"]
[SourceVersion "1"]
[SourceVersionDate "2002.11.25"]
[SourceQuality "1"]

1. d4 Nf6 2. Nf3 g6 3. Bg5 Bg7 4. Nbd2 d5 5. e3 0-0 6. Bd3 c5 7. c3 cxd4 8. cxd4 Nc6 9. a3 Bf5 10. Bxf5 gxf5 11. Bxf6 Bxf6 12. 0-0 f4 13. b4 a6 14. Rc1 Qd6 15. Qb3 fxe3 16. fxe3 Rfc8 17. Qd3 e6 18. Kh1 Bg7 19. e4 Nxd4 20. e5 Bxe5 21. Nxd4 Rxc1 22. Rxc1 Bxh2 23. g3 1-0

[Event "IECG CA.2002.0.00056 email"]
[Site "IECG email"]
[Date "2002.07.21"]
[Round "?"]
[White "Romero, Leandro"]
[Black "Laczay, Istvan"]
[Result "1-0"]
[WhiteElo "2085"]
[BlackElo "1975"]
[PlyCount "63"]
[EventDate "2002.06.19"]
[EventType "tourn (corr)"]
[EventRounds "6"]
[SourceTitle "Corr 2008"]
[Source "ChessBase"]
[SourceDate "2008.06.24"]
[SourceVersion "1"]
[SourceVersionDate "2008.06.24"]
[SourceQuality "1"]

1. e4 c5 2. Nf3 d6 3. d4 cxd4 4. Nxd4 Nf6 5. Nc3 g6 6. Be3 Bg7 7. f3 0-0 8. Qd2 Nc6 9. Bc4 Ne5 10. Bb3 a6 11. Bh6 Bxh6 12. Qxh6 Nc6 13. 0-0-0 Qb6 14. Nxc6 bxc6 15. h4 Be6 16. Bxe6 fxe6 17. e5 dxe5 18. Rhe1 Rab8 19. b3 Qa5 20. Kb2 e4 21. Nxe4 Qe5+ 22. Nc3 Qf5 23. Qe3 Nd5 24. Qxe6+ Qxe6 25. Rxe6 Rf6 26. Re4 Nxc3 27. Kxc3 Kf7 28. Rd7 Re6 29. Rxe6 Kxe6 30. Ra7 Rb6 31. Kc4 Kd6 32. b4 1-0

[Event "IECG RA.2002.0.00013"]
[Site "IECG email"]
[Date "2002.06.29"]
[Round "?"]
[White "Massimini Gerbino, Massimiliano"]
[Black "Romero, Leandro"]
[Result "1-0"]
[WhiteElo "2055"]
[BlackElo "2085"]
[PlyCount "79"]
[EventDate "2002.06.29"]
[EventType "tourn (corr)"]
[EventRounds "6"]
[SourceTitle "Corr 2008"]
[Source "ChessBase"]
[SourceDate "2008.06.24"]
[SourceVersion "1"]
[SourceVersionDate "2008.06.24"]
[SourceQuality "1"]

1. d4 d5 2. c4 e6 3. Nc3 Nf6 4. Nf3 Be7 5. Bf4 0-0 6. e3 c5 7. dxc5 Bxc5 8. a3 Nc6 9. Qc2 Qe7 10. cxd5 exd5 11. Be2 Rd8 12. b4 Bd6 13. Bxd6 Qxd6 14. Nb5 Qe7 15. Qc5 Qd7 16. Nbd4 Ne4 17. Qc2 Qd6 18. 0-0 Nxd4 19. Nxd4 Bd7 20. Rac1 Rac8 21. Qd3 Re8 22. Bf3 Qe5 23. Ne2 Bf5 24. Qd4 Rc4 25. Rxc4 dxc4 26. Rd1 Qxd4 27. Rxd4 b5 28. Rd5 g6 29. Rxb5 Nd2 30. Rc5 Bd3 31. Nc3 Re7 32. Rc8+ Kg7 33. Bd5 f5 34. g3 g5 35. a4 Kg6 36. b5 f4 37. a5 fxe3 38. fxe3 Nf1 39. Bc6 Nxe3 40. Re8 1-0

[Event "IECG QA.2002.0.00022"]
[Site "IECG email"]
[Date "2002.06.26"]
[Round "1"]
[White "Massimini Gerbino, Massimiliano"]
[Black "Romero, Leandro"]
[Result "1-0"]
[WhiteElo "2055"]
[BlackElo "2085"]
[PlyCount "107"]
[EventDate "2002.06.26"]
[EventType "tourn (corr)"]
[EventRounds "6"]
[SourceTitle "Corr 2024"]
[Source "ChessBase"]
[SourceDate "2023.10.19"]
[SourceVersion "1"]
[SourceVersionDate "2023.10.19"]
[SourceQuality "1"]

1. d4 Nf6 2. c4 g6 3. Nc3 d5 4. cxd5 Nxd5 5. e4 Nxc3 6. bxc3 Bg7 7. Bc4 c5 8. Ne2 0-0 9. 0-0 Nc6 10. Be3 Qc7 11. Rc1 Rd8 12. Bf4 e5 13. Bg5 Rd7 14. d5 a6 15. Bd3 Ne7 16. c4 Qd6 17. Qd2 b6 18. Rb1 f6 19. Be3 Rb8 20. f4 Rd8 21. fxe5 fxe5 22. a4 Bd7 23. a5 b5 24. Nc1 Rdc8 25. Nb3 Rb7 26. Qf2 Rbc7 27. Qf7+ Kh8 28. Bh6 Bxh6 29. Rf6 Be8 30. Qxe8+ Rxe8 31. Rxd6 Rb7 32. Re6 bxc4 33. Bxc4 Rb4 34. Bxa6 c4 35. Bxc4 Rxc4 36. d6 Be3+ 37. Kh1 Kg7 38. d7 Rd8 39. Rxe7+ Kf6 40. Rxh7 Ke6 41. Nd2 Ra4 42. Nf3 Rxd7 43. Rxd7 Kxd7 44. Nxe5+ Ke6 45. Nxg6 Rxa5 46. g3 Kf6 47. Nh4 Ra4 48. Re1 Bc5 49. e5+ Ke6 50. Re2 Ra3 51. Kg2 Rb3 52. g4 Rb4 53. Kg3 Rb3+ 54. Nf3 1-0

[Event "IECG QA.2002.0.00022"]
[Site "IECG email"]
[Date "2002.06.26"]
[Round "1"]
[White "Romero, Leandro"]
[Black "Massimini Gerbino, Massimiliano"]
[Result "1/2-1/2"]
[WhiteElo "2085"]
[BlackElo "2055"]
[PlyCount "46"]
[EventDate "2002.06.26"]
[EventType "tourn (corr)"]
[EventRounds "6"]
[SourceTitle "Corr 2024"]
[Source "ChessBase"]
[SourceDate "2023.10.19"]
[SourceVersion "1"]
[SourceVersionDate "2023.10.19"]
[SourceQuality "1"]

1. e4 c5 2. Nf3 d6 3. d4 cxd4 4. Nxd4 Nf6 5. Nc3 Nc6 6. Bg5 e6 7. Qd2 a6 8. 0-0-0 h6 9. Be3 Be7 10. f4 Nxd4 11. Bxd4 b5 12. a3 Bb7 13. Bd3 0-0 14. Kb1 Qb8 15. Rhe1 Bc6 16. e5 dxe5 17. Bxe5 Qb7 18. f5 Nd7 19. fxe6 fxe6 20. Qe3 Bg5 21. Qh3 Nxe5 22. Rxe5 Bxg2 23. Qxe6+ Qf7 1/2-1/2

[Event "Pan American-ch U16"]
[Site "Villa Giardino"]
[Date "2002.05.29"]
[Round "6"]
[White "Romero, Leandro"]
[Black "Duarte, Leonardo"]
[Result "1-0"]
[WhiteElo "2085"]
[BlackElo "2144"]
[PlyCount "57"]
[EventDate "2002.05.24"]
[EventType "swiss"]
[EventRounds "7"]
[EventCountry "ARG"]
[SourceTitle "CBM 088 Extra"]
[Source "ChessBase"]
[SourceDate "2002.07.01"]
[SourceVersion "2"]
[SourceVersionDate "2002.07.01"]
[SourceQuality "1"]

1. e4 c5 2. Nf3 e6 3. d4 cxd4 4. Nxd4 Nc6 5. Nb5 d6 6. c4 Nf6 7. N1c3 a6 8. Na3 Be7 9. Be2 0-0 10. 0-0 Bd7 11. Be3 Qa5 12. f4 d5 13. Nc2 dxe4 14. g4 Rfd8 15. Qe1 Nb4 16. Nxb4 Qxb4 17. a3 Qxb2 18. g5 Ne8 19. Rf2 Qb3 20. Qc1 b5 21. f5 b4 22. Bd4 bxc3 23. f6 Bf8 24. fxg7 Bxg7 25. Qf4 f5 26. gxf6 Nxf6 27. Bxf6 Bxf6 28. Qxf6 Rf8 29. Rg2# 1-0

[Event "Pan American-ch U16"]
[Site "Villa Giardino"]
[Date "2002.05.25"]
[Round "2"]
[White "Romero, Leandro"]
[Black "Santos Flores, Alberto Javier"]
[Result "1/2-1/2"]
[WhiteElo "2085"]
[BlackElo "2312"]
[PlyCount "49"]
[EventDate "2002.05.24"]
[EventType "swiss"]
[EventRounds "7"]
[EventCountry "ARG"]
[SourceTitle "CBM 088 Extra"]
[Source "ChessBase"]
[SourceDate "2002.07.01"]
[SourceVersion "2"]
[SourceVersionDate "2002.07.01"]
[SourceQuality "1"]

1. e4 e6 2. d4 d5 3. Nc3 Nf6 4. Bg5 Bb4 5. e5 h6 6. Bd2 Bxc3 7. bxc3 Ne4 8. Qg4 Kf8 9. h4 c5 10. Bd3 Nxd2 11. Kxd2 Nc6 12. Rh3 c4 13. Be2 b5 14. Qf4 Bd7 15. Bh5 Be8 16. Rf3 Qe7 17. Ne2 Rb8 18. a3 a5 19. Rh3 Na7 20. Ke1 b4 21. axb4 axb4 22. cxb4 Qxb4+ 23. Qd2 Qxd2+ 24. Kxd2 Nb5 25. Rb1 1/2-1/2

[Event "Villa Ballester op 52nd"]
[Site "Villa Ballester"]
[Date "2002.01.13"]
[Round "9"]
[White "Romero, Leandro"]
[Black "Maucci, Luis Marcelo"]
[Result "0-1"]
[WhiteElo "2111"]
[BlackElo "2062"]
[PlyCount "78"]
[EventDate "2002.01.02"]
[EventType "swiss"]
[EventRounds "9"]
[EventCountry "ARG"]
[SourceTitle "CBM 086 Extra"]
[Source "ChessBase"]
[SourceDate "2002.03.14"]
[SourceVersion "1"]
[SourceVersionDate "2002.03.14"]
[SourceQuality "1"]

1. e4 c5 2. Nf3 d6 3. d4 cxd4 4. Nxd4 Nf6 5. Nc3 a6 6. Bg5 e6 7. f4 Qb6 8. Qd2 Qxb2 9. Nb3 Qa3 10. Bxf6 gxf6 11. Be2 h5 12. 0-0 Nc6 13. Rab1 Be7 14. Rfd1 Bd7 15. Kh1 Rc8 16. Qe3 Nb4 17. Rd2 Nc6 18. Rbd1 Na5 19. Nb1 Qa4 20. Bd3 Nc4 21. Bxc4 Qxc4 22. c3 h4 23. Rd4 Qc7 24. e5 fxe5 25. fxe5 d5 26. Rf1 h3 27. gxh3 Bb5 28. Rf3 Rh5 29. Rg4 Qxe5 30. Qf2 f5 31. Re3 Qf6 32. Rg8+ Kd7 33. Rxc8 Kxc8 34. Nd4 Bc5 35. Nxb5 axb5 36. Rxe6 Qxe6 37. Qxc5+ Kb8 38. Qf8+ Ka7 39. Qc5+ Ka6 0-1